| 000 | 00530nam a2200169 a 4500 | ||
|---|---|---|---|
| 001 | 000007542 | ||
| 005 | 20240530073911.0 | ||
| 008 | 090909s1982 dr c r 001 0 spa d | ||
| 040 |
_aDO-SdBNP _bspa _cBNPHU |
||
| 082 |
_aRD863.44 _bF385m |
||
| 100 | 1 |
_aFerreras, Ramón Alberto _911298 |
|
| 245 | 1 | 0 |
_aMedia isla : _bchapeo / _cRamón Alberto Ferreras. |
| 260 |
_aSanto Domingo : _bTalleres Gráficos Offset, _c1982. |
||
| 300 |
_a304 p. : _bretrs ; _c19 cm. |
||
| 650 | 0 |
_aNovela dominicana _9223 |
|
| 650 | 0 |
_aLiteratura dominicana. _967 |
|
| 999 |
_c7323 _d7323 |
||